000 00562nmm a2200169Ia 4500
008 251105s9999||||xx |||||||||||||||||und||
020 _a9789587384765
041 _aspa
100 _aCarreño Bustamante, María Teresa Isabel Goyes Moreno,Ana Patricia Pabón Mantilla
245 0 _aFormación en derecho basada en competencias
264 _a[Bogotá, Colombia] :
_bUniversidad del Rosario,
_c2014
300 _a142 páginas
490 _aTextos de Jurisprudencia
650 _aLaw
856 _uhttps://public.digitaliapublishing.com/a/46384
942 _cCF
999 _c95787
_d95787